Statistics for Crustaceans quiz

Click here to take the quiz!

General Stats

  • This quiz has been taken 20 times
  • The average score is 3 of 12

Answer Stats

HintAnswer% Correct
Lobsters blood is...Blue
94%
Has a "gooseneck" varietyBarnacles
47%
Has rare mutation that makes it pastel coloredLobster
35%
Incredible eyesight and punching powerMantis shrimp
35%
Large west coast crabDungeness crab
29%
Nickname for pill-bug (wood louse in British EnglishRoly poly
24%
Large east coast crabBlue crab
18%
Reached the size limit for arthropodsCoconut crab
18%
Hermit crabs etc.Anomurans
6%
Aided the US in WW2Pistol shrimp
6%
"True crabs"Brachyaurans
0%
Pink and purple spotsPurple shore crab
0%

Score Distribution

Percentile by Number Answered

Percent of People with Each Score

Your Score History

You have not taken this quiz